000 01089cad a22002295a 4500
001 L143607
008 080521e20080411xxkad f s 000 0 eng d
035 _a(Sirsi) u143607
041 0 _aeng
050 0 4 _a333.33 $2 18
110 2 _aRoyal Institution of Chartered Surveyors
_bEconomics
_95033
245 0 0 _aRICS global real estate weekly
_b11 April 2008
_h[electronic resource]
260 _aLondon
_bRICS
_c2008
490 0 _aRICS Global Real Estate Weekly
_v11 April 2008
520 _aConsiders unemployment data in Hong Kong and the implications for residential property prices.Also examines numbers on both the housing and the commercial market in the UK, National Association of Home Builders and housing starts figures in the US and commercial property in Europe.
590 _aKA
650 2 4 _aRICS GLOBAL REAL ESTATE WEEKLY
651 4 _aInternational
690 _aPROPERTY-COMMERCIAL PROPERTY-COMMERCIAL PROPERTY MARKET
856 4 0 _uhttps://www.rics.org/site/scripts/download_info.aspx?downloadID=1116
_zView this report free of charge at www.rics.org...
942 _n0
999 _c108227
_d108227